[Event "Rodostosah GM 2019"]
[Site "Tekirdag"]
[Date "2019.02.14"]
[Round "7.3"]
[White "Ozen, Deniz"]
[Black "Bajarani, Ulvi"]
[Result "0-1"]
[WhiteElo "2410"]
[BlackElo "2420"]
[Annotator "RC"]
[PlyCount "100"]
[EventDate "2019.02.08"]
[EventType "schev"]
[EventCountry "TUR"]
[SourceTitle "playchess.com"]
[Source "ChessBase"]
[SourceQuality "1"]
[TimeControl "5400+30"]

1. e4 {[%emt 0:00:30]} e6 {[%emt 0:00:30]} 2. d4 {[%emt 0:00:30]} d5 {[%emt 0:00:30]} 3. exd5 {[%emt 0:00:30]} exd5 {[%emt 0:00:30]} 4. Nf3 {[%emt 0:00:30]} Bd6 {[%emt 0:00:30]} 5. c4 {[%emt 0:00:30]} Nf6 {[%emt 0:00:30]} 6. c5 {[%emt 0:00:30]} Be7 {[%emt 0:00:30]} 7. Bd3 {[%emt 0:00:30]} O-O {[%emt 0:00:30]} 8. O-O {[%emt 0:00:30]} b6 {[%emt 0:00:00]} 9. cxb6 {[%emt 0:00:30]} axb6 {[%emt 0:00:00]} 10. Nc3 {[%emt 0:00:30]} c6 {[%emt 0:08:30]} 11. h3 {[%emt 0:02:30]} Ba6 {[%emt 0:02:30]} 12. Re1 {[%emt 0:04:30]} Bxd3 {[%emt 0:01:30]} 13. Qxd3 {[%emt 0:00:00]} Nbd7 {[%emt 0:00:00]} 14. Bf4 {[%emt 0:03:00]} Re8 {[%emt 0:00:00]} 15. Rac1 {[%emt 0:09:30]} Rc8 {[%emt 0:03:30]} 16. Bh2 {[%emt 0:03:30]} Nf8 {[%emt 0:03:30]} 17. Qa6 {[%emt 0:03:30]} Ne6 {[%emt 0:02:30]} 18. Qb7 {[%emt 0:04:30]} Bb4 {[%emt 0:05:30]} 19. Red1 {[%emt 0:12:30]} Re7 {[%emt 0:10:30]} 20. Qa6 {[%emt 0:00:00]} Bxc3 {[%emt 0:00:30]} 21. Rxc3 {[%emt 0:00:00]} Ra8 {[%emt 0:00:30]} 22. Qd3 {[%emt 0:00:30]} c5 {[%emt 0:00:30]} 23. dxc5 {[%emt 0:06:30]} bxc5 {[%emt 0:00:30]} 24. a3 {[%emt 0:01:30]} Rb7 {[%emt 0:07:30]} 25. Rc2 {[%emt 0:01:30]} d4 {[%emt 0:00:30]} 26. Qc4 {[%emt 0:06:30]} Nd5 {[%emt 0:06:30]} 27. Bg3 {[%emt 0:07:30]} Nb6 {[%emt 0:03:30]} 28. Qb5 {[%emt 0:00:30]} Qd5 {[%emt 0:01:30]} 29. b4 {[%emt 0:18:07]} Na4 {[%emt 0:01:30]} 30. Qd3 {[%emt 0:01:40]} c4 {[%emt 0:02:30]} 31. Qxc4 {[%emt 0:01:41]} Qxc4 {[%emt 0:00:30]} 32. Rxc4 {[%emt 0:00:00]} Nb2 {[%emt 0:00:00]} 33. Rdxd4 {[%emt 0:00:00]} Nxd4 {[%emt 0:02:00]} 34. Rxd4 {[%emt 0:00:00]} f6 {[%emt 0:00:30]} 35. Nd2 {[%emt 0:01:02]} Rxa3 {[%emt 0:01:30]} 36. Nc4 {[%emt 0:02:34]} Rd3 {[%emt 0:00:30]} 37. Re4 {[%emt 0:01:10]} Rxb4 {[%emt 0:01:30]} 38. Re8+ {[%emt 0:00:45]} Kf7 {[%emt 0:00:30]} 39. Nd6+ {[%emt 0:00:02]} Kg6 {[%emt 0:00:00]} 40. Kh2 {[%emt 0:01:35]} Rbd4 {[%emt 0:01:00]} 41. Re6 {[%emt 0:01:22]} Na4 {[%emt 0:05:30]} 42. Nb5 {[%emt 0:01:30]} Rb4 {[%emt 0:00:30]} 43. Nc7 {[%emt 0:00:29]} Nc5 {[%emt 0:00:30]} 44. Re1 {[%emt 0:00:18]} Kf7 {[%emt 0:00:30]} 45. Ra1 {[%emt 0:02:12]} Ne4 {[%emt 0:01:30]} 46. f3 {[%emt 0:00:47]} Nxg3 {[%emt 0:02:30]} 47. Kxg3 {[%emt 0:00:01]} Rb2 {[%emt 0:00:00]} 48. Na6 {[%emt 0:00:40]} Rdd2 {[%emt 0:00:00]} 49. Rg1 {[%emt 0:00:01]} Rdc2 {[%emt 0:00:30]} 50. Kh2 {[%emt 0:00:06]} Rb6 {[%emt 0:00:30]} 0-1

[Event "Rodostosah GM 2019"]
[Site "Tekirdag"]
[Date "2019.02.14"]
[Round "7.4"]
[White "Can, Isik"]
[Black "Annageldyev, Orazly"]
[Result "0-1"]
[WhiteElo "2382"]
[BlackElo "2377"]
[Annotator "TA"]
[PlyCount "96"]
[EventDate "2019.02.08"]
[EventType "schev"]
[EventCountry "TUR"]
[SourceTitle "playchess.com"]
[Source "ChessBase"]
[SourceQuality "1"]

{[%evp 14,96,48,56,101,89,86,66,81,70,84,70,80,100,110,0,5,-30,-38,-25,-13,-115,-98,-78,-33,-106,-104,-100,-104,-106,-106,-106,-100,-110,-104,-109,-93,-114,-95,-95,-90,-205,-216,-239,-237,-240,-230,-266,-222,-218,-216,-238,-219,-211,-226,-314,-285,-417,-406,-475,-465,-499,-477,-529,-493,-559,-550,-522,-446,-600,-553,-619,-616,-610,-584,-652,-636,-686,-678,-672,-667,-874,-664,-29992,-29993]} 1. e4 c5 2. Nf3 d6 3. d4 cxd4 4. Nxd4 Nf6 5. Nc3 g6 6. Be3 Bg7 7. f3 a6 8. Qd2 Qc7 {B75: Sicilian Dragon: Yugoslav Attack, Miscellaneous} (8... Nbd7 9. a4 Ne5 10. Be2 Bd7 11. a5 Rc8 12. g4 Nc4 13. Bxc4 Rxc4 14. g5 Nh5 15. Nd5 O-O 16. Nb6 Rc7 {0-1 (67) Bacrot,E (2725)-Adhiban,B (2655) Riadh 2017}) 9. g4 b5 10. g5 b4 $146 {White is slightly better.} ({Predecessor:} 10... Nfd7 11. h4 Bb7 12. h5 Nb6 13. O-O-O N8d7 14. Qf2 Nc4 15. Bxc4 Qxc4 {1-0 (38) Nguyen,T-Cao,T Hue 1999}) 11. Na4 ({Much weaker is} 11. gxf6 $6 bxc3 12. Qxc3 (12. bxc3 Bxf6 13. h4 Nd7 $15) 12... Qxc3+ 13. bxc3 Bxf6 $11) 11... Nfd7 12. Qxb4 Bb7 13. O-O-O O-O 14. Be2 ({Better is} 14. h4 $16) 14... Rc8 $11 {Threatens to win with ...Bxd4.} 15. Nc3 Nc6 16. Nxc6 $1 Bxc6 17. Bd4 (17. Rd2 $11) 17... Rab8 $36 {[%mdl 2048] Black is really pushing.} 18. Qa3 Bb5 (18... Bf8 $5 {[%cal Re7e5]} 19. Qxa6 (19. Bxa6 $2 Ra8 $19) 19... Nc5 $11) 19. Rhe1 {[#]} (19. Bxb5 $15 Bxd4 20. Bxd7 Bxc3 21. Qxc3 Qxd7 22. Qa3) 19... Ne5 $1 20. Bxb5 axb5 21. Qb3 Nxf3 {[%mdl 64] Double Attack, Discovered Attack} 22. Nd5 Nxd4 23. Rxd4 {[#]} Qd8 $1 24. Rd2 e6 {[%mdl 64] Discovered Attack} 25. Nf6+ Bxf6 26. gxf6 Qxf6 27. Rxd6 (27. Qg3 $17) 27... Qf2 $19 28. Red1 Qxh2 29. Kb1 Qe2 30. R6d4 h5 31. a3 Kg7 32. R1d2 Qf1+ 33. Rd1 Qf4 34. Rd7 Rc4 ({Not} 34... Qxe4 35. Rf1 $17) 35. Re7 (35. Qd3 {keeps fighting.} Qxe4 36. Rf1) 35... Rxe4 36. Qd3 {Rf1 would now be nice for White.} Qe5 37. Qd2 Rf8 38. Rf1 g5 39. Rh1 h4 40. Rd7 Rf4 41. Qg2 Kg6 42. Rdd1 Qe4 43. Qd2 Rc8 44. Rh2 Qf5 45. Qe2 b4 46. axb4 Rxb4 47. Kc1 Qf4+ 48. Kb1 {[#]} Rxb2+ $1 {[%mdl 512] Accuracy: White = 25%, Black = 83%.} 0-1

[Event "Rodostosah GM 2019"]
[Site "Tekirdag"]
[Date "2019.02.14"]
[Round "7.5"]
[White "Ozenir, Ekin Baris"]
[Black "Pikula, Dejan"]
[Result "1/2-1/2"]
[WhiteElo "2262"]
[BlackElo "2477"]
[Annotator "TA"]
[PlyCount "174"]
[EventDate "2019.02.08"]
[EventType "schev"]
[EventCountry "TUR"]
[SourceTitle "playchess.com"]
[Source "ChessBase"]
[SourceQuality "1"]

{[%evp 19,174,-24,-16,-8,0,8,-1,-10,-25,-42,-27,-52,-34,-69,-50,-40,-44,-58,-39,-57,-50,-46,-54,-43,-50,-82,-79,-112,-112,-122,-117,-171,-171,-192,-192,-184,-147,-145,-71,-70,-81,-83,-66,-58,-62,-102,-97,-155,-124,-170,-112,-166,-161,-160,-101,-115,-79,-205,-204,-187,-136,-88,-62,-297,-308,-306,-164,-165,-43,-54,-32,-48,-47,-33,-20,-56,-56,-67,-64,-79,-73,-73,-73,-74,-74,-74,-74,-74,0,-74,-72,-68,-67,-126,-92,-86,-86,-101,-79,-79,0,-111,-91,-91,-79,-79,-79,-81,0,-79,-73,-79,-56,-77,-80,-77,-73,-112,-112,-112,-112,-112,-112,-112,-112,-112,-112,-112,-112,-112,-102,-112,0,-112,-102,-109,-109,-112,-8,-23,0,0,0,0,0,0,0,0,0,0,0,0,0,0,0,0,0]} 1. Nf3 Nf6 2. e3 g6 3. b3 Bg7 4. Bb2 O-O 5. g3 (5. d4 c5 6. dxc5 Qa5+ 7. c3 Qxc5 8. Ba3 Qb6 9. Bxe7 Re8 10. Bxf6 Bxf6 11. Be2 Nc6 12. O-O a5 13. Nd4 d5 {1-0 (38) Nakamura,H (2769)-Mamedyarov,S (2808) Leuven 2018}) 5... c5 6. Bg2 {A05: Réti Opening: 1 Nf3 Nf6} Nc6 7. O-O d5 8. d4 cxd4 9. exd4 Bf5 10. Ne5 Rc8 {LiveBook: 6 Games} 11. Na3 Be4 $146 ({Predecessor:} 11... Qa5 12. c4 Rfd8 13. Nxc6 Rxc6 14. Re1 Re6 15. Rxe6 Bxe6 {0-1 (98) Vaisser,A (2504)-Jansa,V (2437) Bled 2018}) 12. f3 Bf5 13. Re1 Nd7 14. g4 Be6 15. f4 Ndxe5 16. fxe5 Qa5 17. c3 b5 $1 18. Nc2 b4 19. cxb4 Nxb4 20. Nxb4 Qxb4 21. h3 Bh6 22. a3 Qb6 23. a4 Rc7 24. a5 Qb4 25. Ba3 (25. Ra4 $17 {is a better defense.} Qd2 26. Qxd2 Bxd2 27. Re2) 25... Qc3 $1 $19 26. Bc5 Rxc5 27. dxc5 Qxc5+ 28. Kh1 d4 ({Better is} 28... Rb8 29. Ra4 Qc3) 29. b4 $17 Qxb4 30. Ra4 Qc3 31. Rxd4 Qxa5 32. Qa1 Qc5 33. Ra4 (33. Rdd1 $142) 33... Bd2 $36 {[%mdl 2048] White is under strong pressure.} 34. Re2 Bc3 (34... Rd8 $19 35. Rxa7 Bc3) 35. Qa3 (35. Rc2 $17 {was necessary.} Rc8 36. Qc1) 35... Qb5 $1 $19 {[%cal Rb5e2]} 36. Rae4 Rc8 (36... Bc4 $142 $1 37. Rxc4 Qxc4) 37. Qxa7 Kf8 38. R4e3 {[#]} (38. Qe3 $17) 38... Ba5 $1 {[%mdl 1024] Black has strong compensation.} 39. Qb7 Bb6 (39... Rc1+ $19 40. Kh2 Qc5) 40. Re1 $17 Rc2 41. Qa8+ $2 (41. Rd1 $15) 41... Kg7 $19 42. Ra3 Qb4 (42... Rd2 $142 43. Raa1 {[#]} Rxg2 $1 {[%mdl 512]} 44. Qxg2 Bd5) 43. Raa1 Rb2 ({Don't do} 43... Qf4 44. Rab1 $15) (43... Rc3 $19 44. Qa4 Qc5) 44. Qe4 $1 $15 Qd2 45. Rab1 Rxb1 46. Rxb1 Bd4 47. Bf3 Qc3 48. Bg2 Bxe5 49. Qf3 Qd2 50. Rd1 Qc2 51. Qd3 Qa4 {Strongly threatening ...Qf4.} 52. Rf1 Qa2 53. Qf3 Qd2 54. Rd1 Qb2 55. Rf1 Bd6 56. Qd1 (56. Re1 $15) 56... f6 57. Re1 Bf7 {...Qc3 is the strong threat.} 58. Qf3 Bc4 59. Qe3 Bf7 60. Qf3 $1 g5 61. Qe2 Qc3 62. Qe3 Qc4 63. Qe4 Qc3 64. Qe3 Qa5 65. Rd1 Qa4 66. Qd4 Qb3 67. Qd3 Qb2 68. Qe3 h5 69. gxh5 Bxh5 70. Rxd6 exd6 71. Qe7+ Bf7 {Hoping for ...Qa1+.} 72. Qxd6 f5 73. Qg3 Qf6 74. Bf3 Kh6 75. Qb8 Kg7 76. Qg3 $1 Qa1+ 77. Kh2 Qb2+ 78. Bg2 Qd2 (78... Qf6 $17 {White must now prevent ...f4.} 79. Bf3 Kh6) 79. h4 $11 g4 80. Qe5+ {The position is equal.} Kg6 {[#] And now ...Qf2 would win.} 81. h5+ $1 {[%mdl 512]} Kg5 {Threatens to win with ...Qf4+.} (81... Kxh5 82. Qxf5+) 82. Qe7+ $1 Kxh5 83. Qxf7+ Kg5 84. Qg7+ Kh5 85. Qh7+ Kg5 86. Qg7+ Kh5 87. Qh7+ Kg5 {Precision: White = 54%, Black = 50%.} 1/2-1/2

[Event "Rodostosah GM 2019"]
[Site "Tekirdag"]
[Date "2019.02.15"]
[Round "8.1"]
[White "Lajthajm, Borko"]
[Black "Gokerkan, Cem Kaan"]
[Result "0-1"]
[WhiteElo "2431"]
[BlackElo "2423"]
[Annotator "NA"]
[PlyCount "104"]
[EventDate "2019.02.08"]
[EventType "schev"]
[EventCountry "TUR"]
[SourceTitle "playchess.com"]
[Source "ChessBase"]
[SourceQuality "1"]
[TimeControl "5400+30"]

1. d4 {[%emt 0:00:30]} Nf6 {[%emt 0:05:30]} 2. c4 {[%emt 0:00:30]} g6 {[%emt 0:00:00]} 3. Nc3 {[%emt 0:00:00]} Bg7 {[%emt 0:00:00]} 4. e4 {[%emt 0:00:00]} d6 {[%emt 0:00:00]} 5. Be2 {[%emt 0:00:00]} O-O {[%emt 0:01:00]} 6. Bg5 {[%emt 0:01:00]} c5 {[%emt 0:05:30]} 7. d5 {[%emt 0:01:30]} h6 {[%emt 0:05:30]} 8. Be3 {[%emt 0:01:30]} e6 {[%emt 0:01:30]} 9. Qd2 {[%emt 0:03:30]} exd5 {[%emt 0:00:30]} 10. exd5 {[%emt 0:00:00]} Kh7 {[%emt 0:02:30]} 11. h3 {[%emt 0:00:00]} Re8 {[%emt 0:00:30]} 12. Bd3 {[%emt 0:01:30]} b5 {[%emt 0:07:30]} 13. cxb5 {[%emt 0:01:30]} Nbd7 {[%emt 0:02:30]} 14. Rd1 {[%emt 0:07:30]} Ne5 {[%emt 0:13:30]} 15. Be2 {[%emt 0:00:30]} a6 {[%emt 0:00:30]} 16. Nf3 {[%emt 0:03:30]} Nxf3+ {[%emt 0:01:30]} 17. gxf3 {[%emt 0:00:30]} axb5 {[%emt 0:07:30]} 18. Bxb5 {[%emt 0:01:30]} Ba6 {[%emt 0:00:30]} 19. Bxe8 {[%emt 0:02:30]} Qxe8 {[%emt 0:00:30]} 20. Qc2 {[%emt 0:01:30]} Qe5 {[%emt 0:05:30]} 21. Rd2 {[%emt 0:00:30]} Re8 {[%emt 0:07:30]} 22. Qa4 {[%emt 0:01:30]} Bb7 {[%emt 0:01:30]} 23. f4 {[%emt 0:06:30]} Qf5 {[%emt 0:01:30]} 24. Kf1 {[%emt 0:08:30]} Nxd5 {[%emt 0:09:30]} 25. Nxd5 {[%emt 0:09:30]} Bxd5 {[%emt 0:00:30]} 26. Rxd5 {[%emt 0:00:30]} Qxd5 {[%emt 0:00:30]} 27. Qxe8 {[%emt 0:00:30]} Qxh1+ {[%emt 0:00:00]} 28. Ke2 {[%emt 0:00:00]} Qd5 {[%emt 0:01:47]} 29. a4 {[%emt 0:04:00]} Qc4+ {[%emt 0:03:17]} 30. Kf3 {[%emt 0:00:00]} d5 {[%emt 0:05:49]} 31. Qb5 {[%emt 0:04:00]} Qe4+ {[%emt 0:00:21]} 32. Kg3 {[%emt 0:00:00]} d4 {[%emt 0:01:57]} 33. Qc4 {[%emt 0:00:00]} Qh1 {[%emt 0:01:29]} 34. Qc1 {[%emt 0:07:30]} Qc6 {[%emt 0:00:34]} 35. Bd2 {[%emt 0:00:30]} Qxa4 {[%emt 0:00:59]} 36. Qxc5 {[%emt 0:00:30]} Qb3+ {[%emt 0:00:06]} 37. Kg2 {[%emt 0:00:30]} Qxb2 {[%emt 0:00:48]} 38. Ba5 {[%emt 0:03:30]} Qb7+ {[%emt 0:01:07]} 39. Kg3 {[%emt 0:00:30]} Qe4 {[%emt 0:03:20]} 40. Qc4 {[%emt 0:01:30]} f5 {[%emt 0:01:25]} 41. Bd2 {[%emt 0:00:30]} h5 {[%emt 0:01:45]} 42. Qc1 {[%emt 0:05:30]} h4+ {[%emt 0:01:08]} 43. Kh2 {[%emt 0:00:30]} Qf3 {[%emt 0:00:08]} 44. Qe1 {[%emt 0:00:00]} Bf8 {[%emt 0:00:36]} 45. Bc1 {[%emt 0:01:00]} Bd6 {[%emt 0:00:25]} 46. Qd2 {[%emt 0:06:30]} d3 {[%emt 0:00:20]} 47. Qa2 {[%emt 0:00:58]} Kh6 {[%emt 0:01:49]} 48. Qb2 {[%emt 0:00:20]} Bxf4+ {[%emt 0:00:36]} 49. Kg1 {[%emt 0:00:31]} Qd1+ {[%emt 0:00:17]} 50. Kg2 {[%emt 0:00:11]} Bxc1 {[%emt 0:00:59]} 51. Qh8+ {[%emt 0:00:30]} Kg5 {[%emt 0:00:07]} 52. Qd8+ {[%emt 0:00:30]} Kh5 {[%emt 0:00:00]} 0-1

[Event "Rodostosah GM 2019"]
[Site "Tekirdag"]
[Date "2019.02.15"]
[Round "8.2"]
[White "Bajarani, Ulvi"]
[Black "Kamer, Kayra"]
[Result "1/2-1/2"]
[WhiteElo "2420"]
[BlackElo "2419"]
[Annotator "NA"]
[PlyCount "124"]
[EventDate "2019.02.08"]
[EventType "schev"]
[EventCountry "TUR"]
[SourceTitle "playchess.com"]
[Source "ChessBase"]
[SourceQuality "1"]
[TimeControl "5400+30"]

1. d4 {[%emt 0:00:30]} Nf6 {[%emt 0:05:30]} 2. c4 {[%emt 0:00:00]} e6 {[%emt 0:01:30]} 3. Nf3 {[%emt 0:02:00]} b6 {[%emt 0:01:30]} 4. g3 {[%emt 0:00:30]} Ba6 {[%emt 0:01:30]} 5. Qa4 {[%emt 0:00:00]} c6 {[%emt 0:01:30]} 6. Nc3 {[%emt 0:01:00]} Be7 {[%emt 0:00:30]} 7. e4 {[%emt 0:00:30]} O-O {[%emt 0:06:30]} 8. e5 {[%emt 0:03:30]} Ne8 {[%emt 0:00:00]} 9. Be2 {[%emt 0:01:30]} d5 {[%emt 0:02:00]} 10. cxd5 {[%emt 0:01:30]} Bxe2 {[%emt 0:00:00]} 11. Kxe2 {[%emt 0:00:00]} exd5 {[%emt 0:01:00]} 12. Be3 {[%emt 0:02:00]} Nc7 {[%emt 0:00:30]} 13. Nd2 {[%emt 0:01:30]} f6 {[%emt 0:03:30]} 14. f4 {[%emt 0:02:30]} fxe5 {[%emt 0:01:30]} 15. fxe5 {[%emt 0:00:30]} Qe8 {[%emt 0:00:30]} 16. Raf1 {[%emt 0:01:30]} Qh5+ {[%emt 0:00:00]} 17. Ke1 {[%emt 0:00:30]} Rxf1+ {[%emt 0:00:00]} 18. Nxf1 {[%emt 0:02:30]} Ne6 {[%emt 0:03:30]} 19. Nd2 {[%emt 0:01:30]} b5 {[%emt 0:05:30]} 20. Qd1 {[%emt 0:03:30]} Qh3 {[%emt 0:00:30]} 21. Qe2 {[%emt 0:05:30]} Nd7 {[%emt 0:00:30]} 22. Nd1 {[%emt 0:01:30]} c5 {[%emt 0:16:30]} 23. Nf2 {[%emt 0:15:30]} Qf5 {[%emt 0:02:30]} 24. Qd3 {[%emt 0:00:30]} Qxd3 {[%emt 0:02:30]} 25. Nxd3 {[%emt 0:00:30]} cxd4 {[%emt 0:00:30]} 26. Bf2 {[%emt 0:00:00]} Nec5 {[%emt 0:06:30]} 27. Nxc5 {[%emt 0:01:00]} Bxc5 {[%emt 0:00:30]} 28. Nb3 {[%emt 0:02:30]} Bb4+ {[%emt 0:00:00]} 29. Ke2 {[%emt 0:00:30]} Nxe5 {[%emt 0:02:00]} 30. Bxd4 {[%emt 0:00:30]} Nc4 {[%emt 0:00:30]} 31. Nc1 {[%emt 0:02:30]} a5 {[%emt 0:03:30]} 32. b3 {[%emt 0:01:30]} Nd6 {[%emt 0:00:30]} 33. Nd3 {[%emt 0:00:30]} Re8+ {[%emt 0:00:00]} 34. Kf3 {[%emt 0:01:30]} Rf8+ {[%emt 0:02:00]} 35. Ke2 {[%emt 0:00:30]} Nf5 {[%emt 0:01:30]} 36. Be5 {[%emt 0:02:30]} Re8 {[%emt 0:03:30]} 37. Kf3 {[%emt 0:01:30]} Bd6 {[%emt 0:00:30]} 38. Bxd6 {[%emt 0:02:30]} Nxd6 {[%emt 0:00:00]} 39. Nf4 {[%emt 0:04:30]} d4 {[%emt 0:00:00]} 40. Rd1 {[%emt 0:00:30]} Re4 {[%emt 0:03:30]} 41. h4 {[%emt 0:05:30]} Re3+ {[%emt 0:04:30]} 42. Kg4 {[%emt 0:00:00]} g6 {[%emt 0:05:54]} 43. Nd5 {[%emt 0:06:00]} Nf5 {[%emt 0:00:29]} 44. Kf4 {[%emt 0:00:30]} Re2 {[%emt 0:01:21]} 45. Nf6+ {[%emt 0:02:30]} Kg7 {[%emt 0:00:41]} 46. Ne4 {[%emt 0:00:30]} Rxa2 {[%emt 0:02:27]} 47. g4 {[%emt 0:00:00]} Nxh4 {[%emt 0:00:45]} 48. Rxd4 {[%emt 0:00:00]} g5+ {[%emt 0:05:48]} 49. Nxg5 {[%emt 0:00:30]} Ng6+ {[%emt 0:00:00]} 50. Kg3 {[%emt 0:03:30]} Ra3 {[%emt 0:00:18]} 51. Rd7+ {[%emt 0:01:30]} Kf6 {[%emt 0:00:07]} 52. Ne4+ {[%emt 0:00:30]} Ke5 {[%emt 0:00:11]} 53. Nc5 {[%emt 0:00:30]} a4 {[%emt 0:00:35]} 54. Rd3 {[%emt 0:00:30]} axb3 {[%emt 0:02:21]} 55. Nxb3 {[%emt 0:00:00]} b4 {[%emt 0:01:20]} 56. Kf3 {[%emt 0:00:00]} Ne7 {[%emt 0:00:19]} 57. Re3+ {[%emt 0:01:30]} Kd6 {[%emt 0:00:01]} 58. Ke4 {[%emt 0:00:30]} Nc6 {[%emt 0:01:00]} 59. Rh3 {[%emt 0:00:30]} Ne5 {[%emt 0:01:55]} 60. Rh6+ {[%emt 0:01:30]} Ng6 {[%emt 0:00:01]} 61. Nd4 {[%emt 0:00:00]} Ra5 {[%emt 0:01:37]} 62. Rxh7 {[%emt 0:00:00]} Re5+ {[%emt 0:00:28]} 1/2-1/2

[Event "Rodostosah GM 2019"]
[Site "Tekirdag"]
[Date "2019.02.15"]
[Round "8.3"]
[White "Annageldyev, Orazly"]
[Black "Ozen, Deniz"]
[Result "1/2-1/2"]
[WhiteElo "2377"]
[BlackElo "2410"]
[Annotator "NA"]
[PlyCount "114"]
[EventDate "2019.02.08"]
[EventType "schev"]
[EventCountry "TUR"]
[SourceTitle "playchess.com"]
[Source "ChessBase"]
[SourceQuality "1"]
[TimeControl "5400+30"]

1. e4 {[%emt 0:00:30]} e6 {[%emt 0:05:30]} 2. d4 {[%emt 0:00:30]} d5 {[%emt 0:00:30]} 3. Nd2 {[%emt 0:00:30]} c5 {[%emt 0:00:30]} 4. exd5 {[%emt 0:00:00]} Qxd5 {[%emt 0:00:00]} 5. dxc5 {[%emt 0:00:00]} Bxc5 {[%emt 0:00:00]} 6. Ngf3 {[%emt 0:00:30]} Nf6 {[%emt 0:00:00]} 7. Bc4 {[%emt 0:00:00]} Qc6 {[%emt 0:00:00]} 8. O-O {[%emt 0:00:00]} O-O {[%emt 0:00:30]} 9. Qe2 {[%emt 0:00:00]} a6 {[%emt 0:01:30]} 10. Rd1 {[%emt 0:03:00]} b5 {[%emt 0:02:30]} 11. Bd3 {[%emt 0:00:30]} Bb7 {[%emt 0:01:30]} 12. a4 {[%emt 0:01:30]} bxa4 {[%emt 0:03:30]} 13. Nc4 {[%emt 0:04:30]} Qc7 {[%emt 0:06:30]} 14. Nfe5 {[%emt 0:12:30]} Nc6 {[%emt 0:05:30]} 15. h3 {[%emt 0:17:30]} Nxe5 {[%emt 0:02:30]} 16. Nxe5 {[%emt 0:00:30]} a3 {[%emt 0:00:30]} 17. bxa3 {[%emt 0:06:30]} Bd4 {[%emt 0:04:30]} 18. Bf4 {[%emt 0:19:30]} Bxa1 {[%emt 0:00:30]} 19. Rxa1 {[%emt 0:00:30]} Rfe8 {[%emt 0:14:30]} 20. Bg3 {[%emt 0:03:30]} Qc5 {[%emt 0:09:30]} 21. c4 {[%emt 0:07:30]} Rad8 {[%emt 0:07:30]} 22. Rb1 {[%emt 0:00:30]} Ba8 {[%emt 0:00:30]} 23. Bh4 {[%emt 0:02:00]} Qd4 {[%emt 0:02:30]} 24. g3 {[%emt 0:05:24]} Rb8 {[%emt 0:03:30]} 25. Rd1 {[%emt 0:00:21]} Rb2 {[%emt 0:01:30]} 26. Qe1 {[%emt 0:03:14]} Ne4 {[%emt 0:01:30]} 27. Ng4 {[%emt 0:01:00]} f5 {[%emt 0:01:30]} 28. Bxe4 {[%emt 0:04:05]} Qxe4 {[%emt 0:00:00]} 29. Qxe4 {[%emt 0:00:12]} Bxe4 {[%emt 0:00:00]} 30. Ne5 {[%emt 0:00:00]} h6 {[%emt 0:02:30]} 31. Bd8 {[%emt 0:00:31]} Rb1 {[%emt 0:02:30]} 32. Rxb1 {[%emt 0:00:33]} Bxb1 {[%emt 0:00:00]} 33. Bb6 {[%emt 0:00:11]} Rc8 {[%emt 0:02:00]} 34. c5 {[%emt 0:00:07]} Be4 {[%emt 0:00:00]} 35. f4 {[%emt 0:00:13]} g5 {[%emt 0:01:00]} 36. Kf2 {[%emt 0:00:09]} gxf4 {[%emt 0:00:00]} 37. gxf4 {[%emt 0:00:07]} Kf8 {[%emt 0:01:00]} 38. Ke3 {[%emt 0:03:40]} Ke7 {[%emt 0:00:00]} 39. Kd4 {[%emt 0:00:54]} Rg8 {[%emt 0:02:00]} 40. c6 {[%emt 0:00:18]} Kd6 {[%emt 0:01:36]} 41. c7 {[%emt 0:00:10]} Bb7 {[%emt 0:00:00]} 42. a4 {[%emt 0:00:20]} Rg3 {[%emt 0:02:03]} 43. h4 {[%emt 0:02:31]} Rh3 {[%emt 0:01:28]} 44. Nf7+ {[%emt 0:01:21]} Kc6 {[%emt 0:01:06]} 45. a5 {[%emt 0:00:09]} Bc8 {[%emt 0:00:00]} 46. Ke5 {[%emt 0:01:00]} Rxh4 {[%emt 0:01:19]} 47. Nd8+ {[%emt 0:00:07]} Kd7 {[%emt 0:00:41]} 48. Nxe6 {[%emt 0:00:11]} Rh1 {[%emt 0:01:12]} 49. Nd4 {[%emt 0:00:13]} h5 {[%emt 0:00:18]} 50. Kxf5 {[%emt 0:02:03]} h4 {[%emt 0:05:03]} 51. Kg4 {[%emt 0:00:12]} h3 {[%emt 0:00:23]} 52. Kg3 {[%emt 0:00:46]} Kd6 {[%emt 0:00:24]} 53. f5 {[%emt 0:00:28]} Ke5 {[%emt 0:01:34]} 54. Nc6+ {[%emt 0:00:24]} Kf6 {[%emt 0:00:24]} 55. Na7 {[%emt 0:00:18]} Bxf5 {[%emt 0:00:08]} 56. c8=Q {[%emt 0:00:42]} Bxc8 {[%emt 0:00:02]} 57. Nxc8 {[%emt 0:00:14]} h2 {[%emt 0:00:07]} 1/2-1/2